Maier v Freistaat Bayern (Record no. 38288)
[ view plain ]
| 000 -LEADER | |
|---|---|
| fixed length control field | 01055cab a2200205 4500 |
| 001 - CONTROL NUMBER | |
| control field | ABS47358 |
| 008 - FIXED-LENGTH DATA ELEMENTS--GENERAL INFORMATION | |
| fixed length control field | 090401t xxu||||| |||| 00| 0 eng d |
| 035 ## - SYSTEM CONTROL NUMBER | |
| System control number | (Sirsi) u61735 |
| 041 ## - LANGUAGE CODE | |
| Language code of text/sound track or separate title | eng |
| 245 ## - TITLE STATEMENT | |
| Title | Maier v Freistaat Bayern |
| 350 ## - PRICE (NR) (BK AM CF MU VM SE) [OBSOLETE] | |
| Price | 0 |
| 490 ## - SERIES STATEMENT | |
| Series statement | Transcript |
| 520 ## - SUMMARY, ETC. | |
| Summary, etc. | European Court Third Chamber 9 July 1992. Questions arose between the parties in respect of the refusal by B to allocate M a quantity of milk quota under the system of additional quota on the grounds that he had let his holding and was therefore not in a position to produce on his holding the amount of milk required. The court held that the regulations only covered a farmer who was responsible for the operation of all relevant production units. If the holding was let those conditions were satisified only by the lessee. The owner had therfore forfieted the right to an allocation of a specific milk quota. |
| 650 ## - SUBJECT ADDED ENTRY--TOPICAL TERM | |
| Topical term or geographic name entry element | ADDITIONAL MILK QUOTA |
| 650 ## - SUBJECT ADDED ENTRY--TOPICAL TERM | |
| Topical term or geographic name entry element | LEASING |
| 650 ## - SUBJECT ADDED ENTRY--TOPICAL TERM | |
| Topical term or geographic name entry element | MILK QUOTAS |
| 690 ## - LOCAL SUBJECT ADDED ENTRY--TOPICAL TERM (OCLC, RLIN) | |
| Topical term or geographic name as entry element | RURAL PRACTICE |
| 942 ## - ADDED ENTRY ELEMENTS (KOHA) | |
| Suppress in OPAC | 0 |
| 948 ## - LOCAL PROCESSING INFORMATION (OCLC); SERIES PART DESIGNATOR (RLIN) | |
| c (OCLC) | 04/03/1997 |
| Withdrawn status | Lost status | Source of classification or shelving scheme | Damaged status | Not for loan | Home library | Current library | Shelving location | Date acquired | Total Checkouts | Full call number | Barcode | Date last seen | Copy number | Price effective from | Koha item type |
|---|---|---|---|---|---|---|---|---|---|---|---|---|---|---|---|
| Dewey Decimal Classification | London | London | Journal article | 14/09/1999 | ABS47358 | 61735-1001 | 06/08/2019 | 1 | 06/08/2019 | Journal article |